000
002450000a22000970004500
100
1
_a
Guerrero, Milton
245
1
0
_a
Una tarea desafiante
300
_a
Vol. 53, Núm 235 (1998), Páginas 21-23
773
0
_t
La Biblia de las Américas
942
_c
ANA
999
_c
51469
_d
51469